| 000 | 01092naa a22003137a 4500 | ||
|---|---|---|---|
| 001 | BR8904757 | ||
| 003 | BR-BrBNA | ||
| 005 | 20240918180532.0 | ||
| 007 | ta | ||
| 008 | 230509b bl.||||| |||| 00| 0 por d | ||
| 040 |
_aBR-BrBNA _bpor _cBiblioteca Nacional de Agricultura |
||
| 041 | _a(Pt) | ||
| 072 |
_aS01; S20 _b/G514 |
||
| 090 | _aS01 BR8904757 | ||
| 100 | 1 | _aAbramovay, R. | |
| 245 | 1 | _aFome e assalariados rurais | |
| 250 | 1 | _a3. ed. | |
| 260 | 3 |
_aPetropolis, RJ (Brasil): _bVozes, _c1987. |
|
| 500 | _aMinayo, M.C. de S. (coord.) Raizes da fome 3. ed. Petropolis, RJ (Brasil): Vozes, 1987. p. 116-134 (BR8904757-AM)S01 | ||
| 650 | _aTRABALHADOR RURAL | ||
| 650 | _aFOME | ||
| 650 | _aPOBREZA RURAL | ||
| 650 | _aCONSUMO ALIMENTAR | ||
| 650 | _aCALORIA | ||
| 650 | _aPADRAO DE ALIMENTO | ||
| 773 | 0 |
_tRaizes da fome _aMinayo, M.C. de S. (coord.)- Federacao de Orgaos para Assistencia Social e Educacional, Rio de Janeiro, RJ (Brasil) _b3. ed. _wS20 BR8904748 _gPetropolis, RJ (Brasil), 1987. _q185 p. |
|
| 909 |
_a202404 _bLucia _c55 _dLucia Elande |
||
| 942 |
_cAM _2AGRIS |
||
| 999 |
_c320915 _d320915 |
||